| 000 | 00342nam a22001097a 4500 | ||
|---|---|---|---|
| 082 | _aMSCS-1 KHU | ||
| 100 |
_aKhurram Shahzad _969894 |
||
| 245 | _aImproving MPJ express performances by enhancing MPJ Express runtime capabilities | ||
| 500 | _aDr. Aamir Shafi | ||
| 856 | _uhttp://10.250.8.41:8080/xmlui/handle/123456789/8290 | ||
| 942 |
_cPR _2ddc |
||
| 999 |
_c13182 _d13182 |
||